[Event "Perm op 06"]
[Site "Perm"]
[Date "2010.06.26"]
[Round "6"]
[White "Liang, Vladimir"]
[Black "Fotin, Vladimir"]
[Result "0-1"]
[WhiteElo "1878"]
[BlackElo "2037"]
[PlyCount "68"]
[EventDate "2010.06.21"]
[EventType "swiss"]
[EventRounds "9"]
[EventCountry "RUS"]
[SourceTitle "CBM 137 Extra"]
[Source "ChessBase"]
[SourceDate "2010.09.01"]
[SourceVersion "1"]
[SourceVersionDate "2010.09.01"]
[SourceQuality "1"]

1. d4 Nf6 2. c4 e6 3. g3 d5 4. Nf3 b6 5. Bg2 Bb4+ 6. Bd2 Be7 7. 0-0 0-0 8. b3 Bb7 9. Bc3 Ne4 10. Bb2 Nd7 11. Nfd2 Ndf6 12. f3 Nxd2 13. Nxd2 c5 14. Kh1 Qd7 15. dxc5 bxc5 16. e3 Rfd8 17. Qc2 d4 18. e4 e5 19. Qd3 Rf8 20. Nb1 Rae8 21. Na3 h6 22. Nc2 Qc7 23. Ne1 Bd6 24. Qd2 Nh7 25. Bh3 Ng5 26. Bg4 f5 27. exf5 e4 28. Qg2 d3 29. Bc1 exf3 30. Nxf3 Re2 31. Qg1 Nxf3 32. Bxf3 Be5 33. Bf4 Rxf5 34. Rad1 Bd4 0-1

[Event "Perm op 02"]
[Site "Perm"]
[Date "2010.03.07"]
[Round "7"]
[White "Volodin, Ivan"]
[Black "Liang, Vladimir"]
[Result "1-0"]
[WhiteElo "2298"]
[BlackElo "2317"]
[PlyCount "73"]
[EventDate "2010.02.27"]
[EventType "swiss"]
[EventRounds "9"]
[EventCountry "RUS"]
[SourceTitle "EXT 2011"]
[Source "ChessBase"]
[SourceDate "2010.11.26"]
[SourceVersion "1"]
[SourceVersionDate "2010.11.26"]
[SourceQuality "1"]

1. e4 e6 2. d4 d5 3. Nd2 c5 4. c3 Nc6 5. Ngf3 Nf6 6. Bd3 Be7 7. 0-0 0-0 8. dxc5 Bxc5 9. Qe2 Bd7 10. e5 Ne8 11. b4 Be7 12. Nb3 f6 13. exf6 gxf6 14. b5 Na5 15. Nxa5 Qxa5 16. c4 Rf7 17. cxd5 exd5 18. Nd4 Nc7 19. Nf5 Bf8 20. a4 Re8 21. Qg4+ Rg7 22. Qh5 Bxf5 23. Bxf5 Re1 24. Bh6 Rxa1 25. Rxa1 Re7 26. Be3 Qc3 27. Qd1 Qe5 28. Bd3 b6 29. a5 bxa5 30. Bd4 Qd6 31. Rc1 Rg7 32. Rc6 Qf4 33. g3 Qg5 34. Qc2 Ne8 35. h4 Qh6 36. Re6 Nc7 37. Rxf6 1-0

[Event "Perm op 03"]
[Site "Perm"]
[Date "2008.03.19"]
[Round "7"]
[White "Matveeva, Olga"]
[Black "Liang, Vladimir"]
[Result "0-1"]
[WhiteElo "2200"]
[BlackElo "2141"]
[PlyCount "55"]
[EventDate "2008.03.11"]
[EventType "swiss"]
[EventRounds "7"]
[EventCountry "RUS"]
[SourceTitle "EXT 2011"]
[Source "ChessBase"]
[SourceDate "2010.11.26"]
[SourceVersion "1"]
[SourceVersionDate "2010.11.26"]
[SourceQuality "1"]

1. d4 Nf6 2. c4 e6 3. Bg5 Be7 4. Nc3 d5 5. cxd5 exd5 6. Qc2 Nc6 7. e3 0-0 8. Bd3 h6 9. Bh4 Nb4 10. Qb1 Nxd3+ 11. Qxd3 Re8 12. a3 a6 13. Nge2 c6 14. 0-0 g6 15. f3 Kg7 16. e4 Nh7 17. Bxe7 Rxe7 18. e5 Bf5 19. Qd2 h5 20. Ng3 Be6 21. f4 f5 22. Na4 Nf8 23. Nc5 Bc8 24. Rfc1 b6 25. Nd3 Bb7 26. Rc3 Ne6 27. Nb4 Rc8 28. Rac1 0-1

[Event "Perm op 01"]
[Site "Perm"]
[Date "2008.01.28"]
[Round "8"]
[White "Liang, Vladimir"]
[Black "Loskutov, Sergey"]
[Result "0-1"]
[WhiteElo "2152"]
[BlackElo "2186"]
[PlyCount "86"]
[EventDate "2008.01.16"]
[EventType "swiss"]
[EventRounds "9"]
[EventCountry "RUS"]
[SourceTitle "EXT 2022"]
[Source "ChessBase"]
[SourceDate "2021.10.06"]
[SourceVersion "1"]
[SourceVersionDate "2021.10.06"]
[SourceQuality "1"]

1. Nf3 c5 2. c4 Nc6 3. b3 e5 4. d3 g6 5. Bb2 Bg7 6. g3 Nge7 7. Bg2 0-0 8. Nc3 d6 9. 0-0 a6 10. Ne1 Be6 11. Nc2 d5 12. cxd5 Nxd5 13. Nxd5 Bxd5 14. Bxd5 Qxd5 15. Ne3 Qe6 16. Rc1 b6 17. Nc4 Nb4 18. a3 Nd5 19. e4 Ne7 20. Qe2 h5 21. h4 a5 22. a4 Rad8 23. Rcd1 Rd7 24. f4 exf4 25. Bxg7 Kxg7 26. gxf4 f5 27. Ne5 Rdd8 28. Rf3 Qxb3 29. Rg3 Qe6 30. Qxh5 Rh8 31. exf5 Rxh5 32. fxe6 Rd6 33. Kf2 Rxe6 34. d4 Rxh4 35. dxc5 Rxf4+ 36. Rf3 Rxf3+ 37. Nxf3 bxc5 38. Rc1 Rc6 39. Ne5 Rc7 40. Ke3 Nd5+ 41. Ke4 Nb6 42. Rg1 Nxa4 43. Rxg6+ Kh7 0-1

[Event "Perm op 01"]
[Site "Perm"]
[Date "2008.01.23"]
[Round "6"]
[White "Liang, Vladimir"]
[Black "Kashin, Yury"]
[Result "1-0"]
[WhiteElo "2152"]
[BlackElo "2058"]
[PlyCount "46"]
[EventDate "2008.01.16"]
[EventType "swiss"]
[EventRounds "9"]
[EventCountry "RUS"]
[SourceTitle "EXT 2022"]
[Source "ChessBase"]
[SourceDate "2021.10.06"]
[SourceVersion "1"]
[SourceVersionDate "2021.10.06"]
[SourceQuality "1"]

1. d4 d5 2. c4 Nc6 3. Nc3 dxc4 4. Nf3 Nf6 5. e4 Bg4 6. Be3 Bxf3 7. gxf3 e5 8. d5 Ne7 9. Bxc4 a6 10. a4 Ng6 11. Qb3 Bd6 12. Qxb7 0-0 13. Qb3 Nh4 14. Be2 Ng2+ 15. Kf1 Nxe3+ 16. fxe3 Nd7 17. h4 Qf6 18. Kf2 Rab8 19. Qc2 Nc5 20. Na2 Nb3 21. Rad1 Rb6 22. Bxa6 Nd4 23. exd4 Rxa6 1-0

[Event "Perm op 01"]
[Site "Perm"]
[Date "2008.01.21"]
[Round "4"]
[White "Kichigin, Viktor"]
[Black "Liang, Vladimir"]
[Result "0-1"]
[WhiteElo "1861"]
[BlackElo "2152"]
[PlyCount "74"]
[EventDate "2008.01.16"]
[EventType "swiss"]
[EventRounds "9"]
[EventCountry "RUS"]
[SourceTitle "EXT 2022"]
[Source "ChessBase"]
[SourceDate "2021.10.06"]
[SourceVersion "1"]
[SourceVersionDate "2021.10.06"]
[SourceQuality "1"]

1. d4 Nf6 2. c4 g6 3. Nc3 Bg7 4. e4 d6 5. Nf3 0-0 6. h3 Na6 7. Be3 e5 8. d5 Nc5 9. Nd2 a5 10. g4 Ne8 11. Qc2 f5 12. gxf5 gxf5 13. Bxc5 dxc5 14. 0-0-0 Nd6 15. Bd3 Qh4 16. f3 Bd7 17. Rdg1 Kh8 18. Kb1 a4 19. Nb5 fxe4 20. Nxe4 Nxb5 21. cxb5 b6 22. Ng5 a3 23. Be4 axb2 24. Nxh7 Rf4 25. Ng5 Raf8 26. Ne6 Bxe6 27. dxe6 Qe7 28. Rg6 R8f6 29. Rhg1 Rxg6 30. Rxg6 Rf8 31. Qe2 Rd8 32. h4 Qd6 33. Rg1 Qxe6 34. h5 Rd4 35. Kc2 Qxa2 36. Rb1 Rc4+ 37. Kd1 Rc1+ 0-1

[Event "Perm op 07-B"]
[Site "Perm"]
[Date "2007.06.30"]
[Round "4"]
[White "Liang, Vladimir"]
[Black "Syrokhvatov, Leonid V"]
[Result "0-1"]
[WhiteElo "2033"]
[BlackElo "2003"]
[PlyCount "78"]
[EventDate "2007.06.27"]
[EventType "swiss"]
[EventRounds "8"]
[EventCountry "RUS"]
[SourceTitle "EXT 2022"]
[Source "ChessBase"]
[SourceDate "2021.10.06"]
[SourceVersion "1"]
[SourceVersionDate "2021.10.06"]
[SourceQuality "1"]

1. e4 e5 2. Nf3 Nc6 3. Bb5 f5 4. d3 fxe4 5. dxe4 Nf6 6. Qe2 d6 7. Nc3 Be7 8. Nd5 Bg4 9. h3 Bxf3 10. Qxf3 0-0 11. Nxe7+ Nxe7 12. 0-0 Kh8 13. Bd3 Ng6 14. g3 c6 15. Qg2 Qc7 16. c4 Rae8 17. Be3 d5 18. cxd5 cxd5 19. exd5 e4 20. Bb5 Rd8 21. Rac1 Qa5 22. Bc4 Ne5 23. Bb3 Nf3+ 24. Kh1 Nxd5 25. Bxd5 Rxd5 26. a3 Rfd8 27. g4 Qa4 28. Qg3 h6 29. Qc7 Rd1 30. Kg2 Kh7 31. Qxb7 Rxf1 32. Rxf1 Qc4 33. Qb4 Qe6 34. Rc1 Qe5 35. Kf1 Re8 36. Qc5 Qh2 37. Qf5+ Kh8 38. g5 Qg1+ 39. Ke2 Qxc1 0-1